Good books for children: A selection of outstanding children's book published 1948-57 (Record no. 1336354)

MARC details
000 -LEADER
fixed length control field 00631nam a2200205Ia 4500
005 - DATE AND TIME OF LATEST TRANSACTION
control field 20250508152427.0
008 - FIXED-LENGTH DATA ELEMENTS--GENERAL INFORMATION
fixed length control field 008 250505s9999 xx 000 0 eng d
037 ## - SOURCE OF ACQUISITION
Stock number Textual
040 ## - CATALOGING SOURCE
Original cataloging agency FEDL
Language of cataloging eng
Transcribing agency FEDL
041 ## - LANGUAGE CODE
Language code of text/sound track or separate title eng
Source of code eng
084 ## - COLON CLASSIFICATION NUMBER
Classification number 028.52, EAK
Assigning agency FEDL
100 ## - MAIN ENTRY--PERSONAL NAME
Personal name Eakin Mary K
9 (RLIN) 761457
245 #0 - TITLE STATEMENT
Title Good books for children: A selection of outstanding children's book published 1948-57
260 ## - PUBLICATION, DISTRIBUTION, ETC.
Place of publication, distribution, etc. Cambridge
Name of publisher, distributor, etc. Univerisity of Chicago Press
Date of publication, distribution, etc. 1959
300 ## - PHYSICAL DESCRIPTION
Extent xiv,273p.
365 ## - TRADE PRICE
Price type code INR
Price amount 325
650 ## - SUBJECT ADDED ENTRY--TOPICAL TERM
Topical term or geographic name entry element Book Selection
9 (RLIN) 761458
942 ## - ADDED ENTRY ELEMENTS (KOHA)
Koha item type Textual
Classification part 028.52, EAK
Holdings
Withdrawn status Lost status Damaged status Not for loan Home library Current library Date acquired Cost, normal purchase price Total Checkouts Full call number Barcode Date last seen Price effective from Koha item type
        Department of Education Library Department of Education Library 2025-05-08 325.00   028.52, EAK EL0018321 2025-05-08 2025-05-08 Textual
Copyright @ Delhi University Library System